Statistics for Easiest Maths But In 15 Seconds#2

Click here to take the quiz!

General Stats

  • This quiz has been taken 450 times
  • The average score is 9 of 12

Answer Stats

HintAnswer% Correct
1/11
100%
9/11
100%
0+00
97%
0 =0
97%
9/33
95%
2*24
92%
6+410
85%
11*11121
80%
99+1100
59%
95% of 10095
53%
2*2+5*529
39%
26+329
39%

Score Distribution

Percentile by Number Answered

Percent of People with Each Score

Your Score History

You have not taken this quiz